Stalin / (Record no. 4145)

MARC details
000 -LEADER
fixed length control field 01101nam a22002657a 4500
001 - CONTROL NUMBER
control field 4145
003 - CONTROL NUMBER IDENTIFIER
control field FISKH
005 - DATE AND TIME OF LATEST TRANSACTION
control field 20240612141311.0
008 - FIXED-LENGTH DATA ELEMENTS--GENERAL INFORMATION
fixed length control field 240612b cb ||||| |||| 00| 0 eng d
020 ## - INTERNATIONAL STANDARD BOOK NUMBER
International Standard Book Number 9780531223550
040 ## - CATALOGING SOURCE
Original cataloging agency FISKH
Language of cataloging eng
Transcribing agency FISKH
Modifying agency FISKH
050 ## - LIBRARY OF CONGRESS CALL NUMBER
Classification number DK268.S8
082 ## - DEWEY DECIMAL CLASSIFICATION NUMBER
Classification number 947.084
100 ## - MAIN ENTRY--PERSONAL NAME
Personal name McCollum Sean
245 ## - TITLE STATEMENT
Title Stalin /
Statement of responsibility, etc. Sean McCollum
260 ## - PUBLICATION, DISTRIBUTION, ETC.
Place of publication, distribution, etc. New York :
Name of publisher, distributor, etc. Scholastic,
Date of publication, distribution, etc. 2010
300 ## - PHYSICAL DESCRIPTION
Extent 128 pages :
Other physical details color illustrations ;
Dimensions 18 cm
505 ## - FORMATTED CONTENTS NOTE
Formatted contents note U<br/>
520 ## - SUMMARY, ETC.
Summary, etc. - Opening quote by or about the featured villain/villainess- Historical map, annotated with key locations from person's life- A Wicked Web featuring allies and enemies- Historical photos and etchings- Boxes with additional information- Photo documentaries: six to eight pages of photos and captions telling the person's life- Timeline, glossary, additional sources- Engaging narrative nonfiction written at a very accessible reading level.<br/>
521 8# - TARGET AUDIENCE NOTE
Target audience note 970<br/>
Source Lexile<br/>
521 8# - TARGET AUDIENCE NOTE
Target audience note U<br/>
Source Raz-Plus<br/>
700 ## - ADDED ENTRY--PERSONAL NAME
Personal name Sean McCollum
942 ## - ADDED ENTRY ELEMENTS (KOHA)
Source of classification or shelving scheme Dewey Decimal Classification
Koha item type Books
Suppress in OPAC No
Holdings
Withdrawn status Lost status Source of classification or shelving scheme Damaged status Not for loan Collection Home library Current library Shelving location Date acquired Total Checkouts Full call number Barcode Date due Date last seen Date last checked out Copy number Price effective from Koha item type
    Dewey Decimal Classification     Non-Fiction Footprints International School Library Network Toul Tom Poung Campus Footprints International School Library Network Toul Tom Poung Campus TTP Secondary Non-Fiction Bookshelves 06/12/2024 1 MCC DK268.S8 947.084 2024-0875 05/05/2026 04/21/2026 04/21/2026 1 06/12/2024 Books